Jubileusz doc. dr hab. Romualda Wojny
| Titel: | Jubileusz doc. dr hab. Romualda Wojny |
|---|---|
| Verfasser: | |
| In: |
Studia z dziejów Rosji i Europy Środkowo-Wschodniej, Band 33 (1998), Seite 241-243 alle Artikel anzeigen |
| Veröffentlicht: | 1998 |
| Format: | Aufsatz |
| Sprache: | Polnisch |
X
alg: 39193821 001A $01999:11-11-16 001B $03025:13-06-25 $t14:03:54.000 001C $06050:19-11-16 $t09:37:56.000 001D $01999:11-11-16 001U $0utf8 001X $00 002@ $0Aox 003@ $0391938215 007A $0391938215 $aHEB 007T $0Herda16168h 010@ $apol 011@ $a1998 021A $aJubileusz doc. dr hab. Romualda Wojny 028A $aZnamierowska-Rakk $dElżbieta 031A $d33 $h241-243 $j1998 039B $aIn $8--Abvc--. Studia z dziejów Rosji i Europy Środkowo-Wschodniej. - Warszawa : Wydawn. Naukowe Semper, 1992-. - ISSN 1230-5057 $x199800000330000759 $9048641332 045T $a7,41 lok: 39193821 78 exp: 39193821 78 1 #EPN 201B/01 $019-04-17 $t10:54:42.000 201U/01 $0utf8 203@/01 $0788034057 208@/01 $a11-11-16 $be 209A/01 $a/ $f000 $x00 220C/01 $aAnmerkung: *uA 244Z/01 $2Trx $#Poola $#Lenkija $#Polija $#Polen Land $#Poland $#Lengyelország $#Poľsko $#Polsko $8--Trx--Polska$gkraj $x01 $9391345966 244Z/01 $aGeschichte 1933-1998 $x02 244Z/01 $2Trx $8--Trx--Wojna, Romuald$Z1933- $x03 $9391090984 244Z/01 $2Trx $#ajaloolased $#istorikai $#historians $#történészek $#historycy $#historici $#historici $8--Trx--Historiker $x04 $9391373544 244Z/01 $2Trx $8--Trx--Zeitschriftenaufsatz $x05 $9391384341 247C/01 $82080>Marburg/Lahn, Herder-Institut, Forschungsbibliothek, Bibliographieportal $9336309341
| LEADER | 00000caa a22000002c 4500 | ||
|---|---|---|---|
| 001 | 391938215 | ||
| 003 | DE-603 | ||
| 005 | 20250613140354.0 | ||
| 007 | tu | ||
| 008 | 161111s1998 xx |||| | u00||u|pol c | ||
| 035 | |a (DE-599)HEB391938215 | ||
| 040 | |a DE-603 |b ger |c DE-603 |d DE-603 | ||
| 041 | |a pol | ||
| 084 | |a 7,41 |2 ssgn | ||
| 100 | 1 | |a Znamierowska-Rakk, Elżbieta | |
| 245 | 0 | 0 | |a Jubileusz doc. dr hab. Romualda Wojny |
| 264 | 0 | |c 1998 | |
| 773 | 0 | 8 | |i In |t Studia z dziejów Rosji i Europy Środkowo-Wschodniej |d Warszawa : Wydawn. Naukowe Semper, 1992- |x 1230-5057 |g Band 33 (1998), Seite 241-243 |w (DE-603)048641332 |w (DE-600)1176803-4 |
| 924 | 0 | |9 2080 |a (DE-603)788034057 |b DE-2080 |c HES |d d |g / | |


